Library Banner

Islam the way or revival/ (Record no. 98051)

MARC details
000 -LEADER
fixed length control field 00387nam a22001457a 4500
005 - DATE AND TIME OF LATEST TRANSACTION
control field 20170911123155.0
008 - FIXED-LENGTH DATA ELEMENTS--GENERAL INFORMATION
fixed length control field 170911b xxu||||| |||| 00| 0 eng d
020 ## - INTERNATIONAL STANDARD BOOK NUMBER
International Standard Book Number 095367682X
040 ## - CATALOGING SOURCE
Transcribing agency PK-LaUMT
082 ## - DEWEY DECIMAL CLASSIFICATION NUMBER
Classification number PKAC 297
Item number ISL-
245 ## - TITLE STATEMENT
Title Islam the way or revival/
Statement of responsibility, etc Riza Muhammad and Dilwar Hussain(Editors)
260 ## - PUBLICATION, DISTRIBUTION, ETC. (IMPRINT)
Place of publication, distribution, etc London;
Name of publisher, distributor, etc Revival,
Date of publication, distribution, etc 2003
300 ## - PHYSICAL DESCRIPTION
Extent 285 p.
942 ## - ADDED ENTRY ELEMENTS (KOHA)
Koha item type Books
Holdings
Withdrawn status Lost status Damaged status Home library Current library Date acquired Full call number Barcode Date last seen Price effective from Koha item type Copy number
      UMT Main Campus UMT Main Campus 2017-09-11 PKAC 297 ISL- 113686 2017-09-11 2017-09-11 Books  
      UMT Main Campus UMT Main Campus 2017-12-27 PKAC 297 ISL- 116896 2017-12-27 2017-12-27 Books C-2